000 00643nam a2200181Ia 4500
008 090124s9999 xx 000 0 und d
082 _b16905
_a951
100 _aवळसंगकर कृ.ना.
245 _a ध्येयवादी विचारसरणीचे युग
250 _a1
260 _c1968
300 _a136
600 _aवळसंगकर कृ.ना.
630 _a ध्येयवादी विचारसरणीचे युग
700 _aवळसंगकर कृ.ना.
730 _a ध्येयवादी विचारसरणीचे युग
942 _cBOOK
999 _c130845
_d130845